LEADER 02325nam 2200385 450 001 9910131196103321 005 20240207205535.0 010 $a1-55441-846-1 024 7 $a10.1522/cla.anb.hom 035 $a(CKB)3680000000167432 035 $a(NjHacI)993680000000167432 035 $a(EXLCZ)993680000000167432 100 $a20240207d2005 uy 0 101 0 $afre 135 $aur||||||||||| 181 $ctxt$2rdacontent 182 $cc$2rdamedia 183 $acr$2rdacarrier 200 12$aL'homme (angut), le fils (irniq) et la lumie?re (qau), ou, Le cercle du pouvoir masculin chez les Inuit de l'Arctique central. /$fBernard Saladin d'Anglure 210 1$a[Place of publication not identified] :$cJ.-M. Tremblay,$d2005. 215 $a1 online resource 225 1 $aClassiques des sciences sociales 327 $aCosmogene?se, ontogene?se et "andocratie"--2. Mythes, ethnographies et logiques--Le passage du nord-ouest et le retour des fils du chien (1821-1823) --Figure 1. La maison --Aux grandes questions les grandes re?ponses (1921-23)--Figure 2. Plan au sol du campement d'AVA, a? ITIJJARIAQ en janvier 1922, e?tabli a? partir de Mathiassen (1928: 127) et comple?te? en 1971.--A? la recherche des logiques perdues (1971-)--3. La logique des diffe?rences--La diffe?renciation sexuelle--Le jour, la mort et la guerre--Gibiers et conjoints ou l'espace-temps diffe?rencie?--Figure 3. Diffe?renciation, comple?mentarite? et constructions analogiques dans la pense?e inuit. Essai de repre?sentation tridimensionnelle.--Un dualisme inuit--4. La logique de la comple?mentarite? et de la production de la vie--5. La reconstruction analogique et la cosmologique--L'Iglou, macrocosme de la femme, microcosme de l'univers --Conclusion: le cercle du pouvoir masculin--Re?fe?rences bibliographiques. 410 0$aClassiques des sciences sociales. 517 $aL'homme 606 $aInuit$zNunavut$xHistory 615 0$aInuit$xHistory. 676 $a305.897124097195 700 $ad'Anglure$b Bernard Saladin$01592435 801 0$bNjHacI 801 1$bNjHacl 906 $aBOOK 912 $a9910131196103321 996 $aL'homme (angut), le fils (irniq) et la lumie?re (qau), ou, Le cercle du pouvoir masculin chez les Inuit de l'Arctique central$93909985 997 $aUNINA